000 00477nam a2200181Ia 4500
001 10704
005 20260306161852.0
008 260306t1974||||xx |||||||||||||| ||spa||
041 _aESP
082 _a946.082
_bE24
100 _aMovimiento Nacional
_eAUT
245 0 _a18 de julio-22 de julio:
_bla vigencia institucional y la renovación política
260 _c1974
300 _a119 páginas :
_c19 cm.
650 _aGEN
654 _aCHU
942 _cLIB
_dJUS
_fJUS
_2ddc
_n
999 _c10704
_d10704